Imiona przyjaciół z serialu Friends - Statystyki

Ogólne statystyki
  • Ten quiz został rozwiązany 67 razy
  • Średni wynik to 5 z 6
Statystyki odpowiedzi
Imię % Poprawnych
Monica
98%
Ross
93%
Chandler
90%
Rachel
86%
Joey
79%
Phoebe
72%
Nie znaleziono quizów pasujących do podanych kryteriów
Rozkład punktacji
Procent ludzi z każdym wynikiem
Percentyl według liczby udzielonych odpowiedzi
Twoja historia wyników
Nie rozwiązałeś tego quizu